000 00719nam a22002297a 4500
999 _c587
_d587
003 AR-CdUCM
008 190225b ||||| |||| 00| 0 spa d
040 _aMUNICIPALIDAD PROVINCIAL DEL CUSCO
_cBIBLIOTECA MUNICIPAL DEL CUSCO
041 _heng
082 _a909.008 /
_bM12
100 _aMacaulay Trevelyan, G.
_92295
245 _aLa revolución Inglesa :
_b1688 - 1689 /
260 _aBueno Aires :
_bFCE ,
_c1951.
300 _a192 páginas ;
_c16 cm.
440 _aBreviarios del Fondo de Cultura Económica
_n43
_92296
505 _aRevolución inglesa
650 _aCarlos III.
_92297
650 _aJacobo II.
_92298
650 _aRevolución ingelsa.
_92299
942 _2ddc
_cLIBROS
945 _awfj
_d2019-02-25